| 000 | 02825cam a22007574i 4500 | ||
|---|---|---|---|
| 003 | PE-LiUPU | ||
| 005 | 20250731170420.0 | ||
| 008 | 161225s2016 miu r 000 0 eng d | ||
| 020 | _a0802874509 | ||
| 020 | _a9780802874504 | ||
| 035 | _a(Sirsi) i9780802874504 | ||
| 035 | _a(OCoLC)973554795 | ||
| 040 |
_aDEBBG _bger _erda _cDEBBG _dGBVCP _dOCLCO _dPE-LiUPU |
||
| 049 | _aPRUA | ||
| 050 | 0 | _aBT741.3 | |
| 082 | 0 |
_a128.1 _bN4 _223 |
|
| 245 | 0 | 0 |
_aNeuroscience and the soul : _bthe human person in philosophy, science, and theology / _cedited by Thomas M. Crisp, Steve L. Porter et Gregg A. Ten Elshof. |
| 264 | 1 |
_aGrand Rapids, Michigan : _bWilliam B. Eerdmans Publishing Company, _c2016. |
|
| 300 |
_a286 páginas ; _c23 centímetros |
||
| 336 |
_atext _2rdacontent |
||
| 337 |
_aunmediated _2rdamedia |
||
| 338 |
_avolume _2rdacarrier |
||
| 504 | _aIndice : páginas 276-286. | ||
| 505 | 0 | _aRecent debate in philosophy about the Mind-Body problem -- Recent Debate about the Bearing of Contemporary Brain Sciences on the Mind-Body Problem -- Recent Debate in Theology about the Mind-Body Problem. | |
| 526 | _aSEG68 | ||
| 526 | _aSEG70 | ||
| 526 | _aSEG69 | ||
| 526 | _aSEG67 | ||
| 526 | _aSEG43 | ||
| 526 | _aP144 | ||
| 526 | _aP143 | ||
| 526 | _aP131 | ||
| 526 | _aP122 | ||
| 526 | _aP120 | ||
| 526 | _aP117 | ||
| 526 | _aP112 | ||
| 526 | _aP110 | ||
| 526 | _aP106 | ||
| 526 | _aP101 | ||
| 526 | _aP80 | ||
| 526 | _aP59 | ||
| 526 | _aP54 | ||
| 526 | _aP35 | ||
| 526 | _aP33 | ||
| 526 | _aP30 | ||
| 650 | 0 | _aSeres humanos. | |
| 650 | 0 |
_aMente y cuerpo _x Aspectos religiosos _xCristianidad. |
|
| 650 | 0 |
_aNeurociencias. _94198 |
|
| 650 | 0 |
_aAntropología teológica _xcristianismo. _93787 |
|
| 650 | 0 | _aHuman beings. | |
| 650 | 0 |
_aMind and body _xReligious aspects _xChristianity. |
|
| 650 | 0 | _aNeurosciences. | |
| 650 | 0 |
_aTheological anthropology _xChristianity. |
|
| 700 | 1 |
_aCrisp, Thomas M., _eeditor. |
|
| 700 | 1 |
_aPorter, Steven L., _eeditor. |
|
| 700 | 1 |
_aTen Elshof, Gregg, _eeditor. |
|
| 910 |
_adbm _bncf _cncf _d20171219 |
||
| 942 |
_2ddc _cBOOK |
||
| 949 |
_a128.1 N4 _wDEWEY _c1 _i77640 _lCATALOGING _mBUL _p19.50 _r0 _sY _tBOOK _u2017-12-19 _xPOSGRADO _PP85 _0COMPRA _o.STAFF. Colección Teología. |
||
| 994 |
_aC0 _bPEPRU |
||
| 596 | _a1 | ||
| 999 |
_a128.1 N4 _wDEWEY _c26237 _i77640 _d26237 _f2021-11-9 _g4 _lCCODEBUL1 _mBUL _p19.50 _q1 _r0 _sY _tBOOK _u2017-12-19 _xTEOLOGIA _PP85 _0COMPRA _o.STAFF. Colección Teología. |
||
| 999 |
_a128.1 N4 _wDEWEY _c2 _i77653 _d2019-7-9 _e2019-1-10 _f2021-11-9 _g4 _lCCODEBUL1 _mBUL _n1 _p19.50 _q2 _r0 _sY _tBOOK _u2017-12-19 _xTEOLOGIA _PP85 _0COMPRA _o.STAFF. Colección Teología |
||
| 980 |
_81 _gALBERTO SANCHEZ Responsable de Automatización |
||